000 00523nam a22001817a 4500
005 20170413170033.0
010 _aENG-117820
020 _c399.00
_a9789351950080
035 _aEN-101352
037 _bDBAD/PUB
082 _aN
100 _aKrishna Udayasankar
245 _aImmortal /
_cby Krishna Udayasankar
260 _aGurgaon
_bHachette Book Publishing
_c2016
270 _a4th & 5th Floors, Corporate Center, Plot No. 94, Sector 44
_bGurgaon
_e122003
300 _a391p.
_c21cm(pbk)
942 _2ddc
_cEN
_mKRI
_hN
999 _c138903
_d138903